000 00314nam a22001457a 4500
008 210514b ||||| |||| 00| 0 eng d
020 _a9780618308200
041 _aeng
080 _a7
082 _a7
100 _a44
101 _aART
245 _aPocket Guide to APA Style
_cRobert Perrin
942 _2udc
_cBK
999 _c57343
_d57343